Statistics for Born in Torrance/California

Click here to take the quiz!

General Stats

  • This quiz has been taken 5 times
  • The average score is 5 of 13

Answer Stats

HintAnswer% Correct
Actor, "Bohemian Rhapsody" "Mr. Robot" "No Time to Die"1981Rami Malek
75%
Mixed martial artist and former two-time UFC women's strawweight champion1987Carla Esparza
50%
Point guard who was the first Asian American to an NBA championship, during his time with the New York Knicks his unexpected success generated the cultural phenomenon known as "Linsanity"1988Jeremy Lin
50%
Football coach and the head coach of the Texas Longhorns since 20211974Steve Sarkisian
50%
Actress, known for her roles as Julia Sasaki in "Atypical" and Catherine Hapstall in "How to Get Away with Murder"1989Amy Okuda
25%
Former boxer and welterweight world champion, nicknamed "El Tornado de Tijuana"1978Antonio Margarito
25%
Actor, best known for his role as Juni Cortez in the "Spy Kids" films1992Daryl Sabara
25%
Former soccer player who played for Chivas USA, Chicago Fire and the U.S. national team1984Jonathan Bornstein
25%
Former figure skater, two-time Olympic medalist and five-time World champion1980Michelle Kwan
25%
Hall of Fame golfer and winner of three women's PGA championships1957Nancy Lopez
25%
Hall of Fame shooting guard who played for the Phoenix Suns, Boston Celtics, Seattle SuperSonics and New York Knicks1950Paul Westphal
25%
Manager of the Miami Marlins since 2022 and former outfielder who won the World Series with the St. Louis Cardinals1980Skip Schumaker
25%
Hall of Fame tight end who played for the Kansas City Chiefs and Atlanta Falcons1976Tony Gonzalez
25%

Score Distribution

Percentile by Number Answered

Percent of People with Each Score

Your Score History

You have not taken this quiz